000 00282nam a2200121Ia 4500
008 190216s9999||||xx |||||||||||||| ||und||
100 _aRachel Carson
245 0 _aNamukkuchuttumulla Katal
260 _bCurrent Books
_c1965
300 _a341p
650 _aGeography
942 _cREF
999 _c35103
_d35103